| 000 | 00829nam a2200205Ia 4500 | ||
|---|---|---|---|
| 003 | GCL | ||
| 008 | 140319s9999 xx 000 0 ara d | ||
| 040 |
_aGCL / _cGCL |
||
| 082 | 0 | 4 |
_a320.964 _bس و |
| 100 | 1 | _aسعيد بنسعيد العلوى | |
| 245 | 1 | 0 |
_aالوطنية والتحديثية فى المغرب: مجموعة دراسات حول الفكر الوطنى وسيرورة التحديث فى المغرب المعاصر / _cسعيد بنسعيد العلوى |
| 300 | _a186 ص | ||
| 490 |
_aمركز دراسات الوحده العربية _v0 |
||
| 650 | 0 | 4 | _aالسياسة |
| 650 | 0 | 4 | _aالوطنية - المغرب |
| 650 | 0 | 4 | _aحركات التحرير الوطنى - المغرب |
| 650 | 0 | 4 | _aالتحديث - المغرب |
| 650 | 0 | 4 | _aالفكرالسياسى - المغرب |
| 942 |
_2ddc _cBK |
||
| 999 |
_c50480 _d50480 |
||